|
|
|
|
| LEADER |
01696nam a2200337 i 4500 |
| 001 |
29232 |
| 003 |
BD-DhAAL |
| 005 |
20150521101806.0 |
| 008 |
150521s2014 ne b 001 0 eng |
| 010 |
|
|
|a 2014427353
|
| 020 |
|
|
|a 9789041152657 (hbk.)
|
| 040 |
|
|
|a DLC
|b eng
|e rda
|c DLC
|d BD-DhAAL
|
| 042 |
|
|
|a pcc
|
| 050 |
0 |
0 |
|a K3830
|b .B57 2014
|
| 082 |
0 |
0 |
|2 23
|a 332.673
|
| 100 |
1 |
|
|a Bishop, R. Doak,
|e author.
|9 11211
|
| 245 |
1 |
0 |
|a Foreign investment disputes :
|b cases, materials, and commentary /
|c R. Doak Bishop, King & Spalding, Houston, Texas; James Crawford, Lauterpacht Research Centre for International Law, University of Cambridge ; W. Michael Reisman, Yale Law School, New Haven.
|
| 250 |
|
|
|a Second edition.
|
| 260 |
|
|
|a Alphen aan den Rijn, The Netherlands :
|b Kluwer Law International,
|c c2014
|
| 300 |
|
|
|a lvii, 1290 pages ;
|c 25 cm
|
| 504 |
|
|
|a Includes bibliographical references and index.
|
| 541 |
|
|
|e 29232
|
| 650 |
|
0 |
|a Investments, Foreign (International law)
|9 11212
|
| 650 |
|
0 |
|a Investments, Foreign
|x Law and legislation.
|9 11213
|
| 650 |
|
0 |
|a International commercial arbitration.
|9 11214
|
| 700 |
1 |
|
|a Crawford, James,
|d 1948-
|e author.
|9 11215
|
| 700 |
1 |
|
|a Reisman, W. Michael
|q (William Michael),
|d 1939-
|e author.
|9 11216
|
| 942 |
|
|
|2 ddc
|c BK
|
| 999 |
|
|
|c 34463
|d 34463
|
| 952 |
|
|
|0 0
|1 0
|2 ddc
|4 0
|6 332_673000000000000_BIS
|7 0
|9 53798
|a BRACUL
|b BRACUL
|c GEN
|d 2015-05-21
|e Trim Education
|g 17750.00
|l 2
|m 22
|o 332.673 BIS
|p 3010029232
|q 2025-11-10
|r 2025-03-12
|s 2025-03-12
|t 1
|w 2015-05-21
|y BK
|
| 952 |
|
|
|0 0
|1 0
|2 ddc
|4 0
|6 332_673000000000000_BIS
|7 0
|9 53799
|a BRACUL
|b BRACUL
|c GEN
|d 2015-05-21
|e Trim Education
|g 17750.00
|l 2
|m 14
|o 332.673 BIS
|p 3010029233
|r 2025-10-22
|s 2025-10-13
|t 2
|w 2015-05-21
|y BK
|